VIII Curso de Tocoginecología en la Casa Provincial de la Maternidad
Colección:
San Jorge,
; núm. 22 (abril 1956), pàg 53
Idioma:
Español
MARC
| LEADER | 00000naa a2200000 a 4500 | ||
|---|---|---|---|
| 003 | Arxiu | ||
| 005 | 20260324181508.0 | ||
| 008 | 160829s1956 spcaxx s spa c | ||
| 040 | |a AGDB | ||
| 245 | 0 | 0 | |a VIII Curso de Tocoginecología en la Casa Provincial de la Maternidad |
| 246 | 3 | 3 | |a Octavo Curso de Tocoginecología en la Casa Provincial de la Maternidad |
| 490 | |a San Jorge, |v núm. 22 (abril 1956), pàg 53 | ||
| 610 | 2 | 0 | |a Casa de Maternitat i Expòsits de Barcelona |9 52670 |
| 650 | |a Ginecologia |x Congressos |9 31424 | ||
| 773 | |g Núm. 22 (abril 1956), pàg 53 |t San Jorge. | ||
| 901 | |a Arxiu | ||
| 942 | |n 1 |2 udc |c ART | ||
| 952 | |0 0 |1 0 |4 0 |6 REV511 |7 1 |9 66324 |a Arxiu |b Arxiu |d 2023-05-15 |l 0 |o Rev-511 |r 2023-05-15 00:00:00 |w 2023-05-15 |y ARXIU |z També disponible a Rev-525 | ||
| 999 | |c 49081 |d 49081 | ||